Guess the Niall Horan song with no hints #10 - Statistics

General Stats
  • This quiz has been taken 21 times
  • The average score is 135 of 260
Answer Stats
Answer % Correct
you
100%
the
89%
to
89%
be
84%
your
84%
in
74%
And
68%
(And
68%
I'll
68%
it
68%
like
68%
there
68%
all
63%
One
63%
one
63%
this,
63%
too,
63%
When
63%
when
63%
(When
63%
have
58%
I'm
58%
ooh
58%
(Ooh)
58%
(Ooh,
58%
ooh)
58%
so
58%
thin
58%
you're
58%
(Yeah)
53%
(Yeah),
53%
don't
47%
(Don't
47%
Don't
47%
down,
47%
down)
47%
mind
47%
mirror
47%
of
47%
is
42%
now,
42%
now
42%
now)
42%
out,
42%
out
42%
at
37%
Baby,
37%
(Baby,
37%
bathroom
37%
every
37%
Just
37%
know
37%
look
37%
melts
37%
Talkin'
37%
tell
37%
think
37%
goin'
32%
yourself
32%
broken
26%
car
26%
Losin'
26%
Sleep
26%
star
26%
there's
26%
up
26%
back
21%
back)
21%
collapse
21%
dreams
21%
from
21%
glass
21%
habit
21%
life's
21%
real
21%
sideways
21%
tellin'
21%
total
21%
turns
21%
wall
21%
wall)
21%
Catchin'
16%
(Catchin'
16%
driveway
16%
falls
16%
falls)
16%
fast
16%
fast)
16%
Hard
16%
hittin'
16%
(Hittin'
16%
imagine
16%
Nights
16%
pass
16%
shall
16%
Spinnin'
16%
track
16%
track)
16%
worry
16%
Screamin'
11%
wolves
11%
(Wolves
11%
No matching quizzes found
Score Distribution
Percent of People with Each Score
Percentile by Number Answered
Your Score History
You have not taken this quiz